000 00473pab a2200181 454500
008 180718b2012 xxu||||| |||| 00| 0 eng d
100 _aDasgupta, Rajib et al
245 _aManaging childhood under nutrition: Role and scope of health service
260 _c2012
300 _ap.15-18.
362 _a21 Apr
650 _aHealth services
650 _aNutrition
650 _aChild welfare
773 _aEconomic and Political Weekly
908 _aN
909 _a95706
999 _c95706
_d95706